Holiday Quiz

Random Holiday or Lyrics Quiz

'Let It Snow' Lyrics Quiz Stats

 Plays Quiz Updated May 21, 2018

Support Sporcle.
Go Orange.
Score 0/112 Timer 05:00
4 Plays Today
% Correct
Let
97.5%
Let
97.5%
Let
97.5%
Let
97.5%
Let
97.5%
Let
97.5%
Let
97.5%
Let
97.5%
Let
97.5%
It
97.4%
It
97.4%
It
97.4%
It
97.4%
It
97.4%
It
97.4%
It
97.4%
It
97.4%
It
97.4%
It
97.4%
Snow,
97.2%
Snow,
97.2%
Snow.
97.2%
Snow,
97.2%
Snow,
97.2%
Snow.
97.2%
Snow,
97.2%
Snow,
97.2%
Snow.
97.2%
the
92.2%
the
92.2%
the
92.2%
the
92.2%
the
92.2%
The
92.2%
Oh
89.6%
is
88.9%
is
88.9%
is
88.9%
% Correct
we
88.8%
out
85.8%
weather
85.7%
so
85.4%
so,
85.4%
outside
85.2%
go,
84.6%
delightful,
83.9%
and
83.4%
and
83.4%
and,
83.4%
frightful,
83.3%
to
82.4%
fire
82%
fire
82%
but
81.2%
but
81.2%
but
81.2%
no
80.4%
place
78.4%
you
71.7%
since
70.3%
in
67.9%
me
67.6%
me
67.6%
we've
67.1%
be
65%
When
63.6%
way
63.1%
way
63.1%
warm.
61.9%
if
61.2%
all
60.2%
kiss
59.6%
goodnight,
59.4%
for
59%
finally
58.4%
of
58.4%
% Correct
I'll
58%
I'll
58%
home
57.6%
dying,
57.6%
slowly
57.5%
hold
57%
my
57%
tight,
56%
love
55.6%
are
55.5%
as
55.1%
as
55.1%
popping,
54.7%
corn
54.2%
dear,
53.9%
stopping,
53.7%
show
53.7%
going
53.6%
doesn't
53.5%
hate
53.4%
we're
53.4%
down
52.7%
signs
52.7%
some
52%
low,
51.9%
long
51.6%
still
51.3%
how
51.2%
storm.
51.1%
lights
50.2%
really
48.7%
turned
48.6%
good-bying
48.5%
I've
46.7%
you'll
38.9%
bought
35.5%

From the Vault

British Cities by Picture

by eyes355

This quiz may be the answer to the universal question of "Where can I find some decent fish and chips?"
Remove Ads.
Support Sporcle.
Get the best of Sporcle when you Go Orange. This ad-free experience offers more features, more stats, and more fun while also helping to support Sporcle. Thank you for becoming a member.

Show Comments

Extras

Top Quizzes Today


Score Distribution

Your Account Isn't Verified!

In order to create a playlist on Sporcle, you need to verify the email address you used during registration. Go to your Sporcle Settings to finish the process.

Report this User

Report this user for behavior that violates our Community Guidelines.

Details: